[Event "SF Brackel 1 - SV Erkenschwick 1"]
[Site "NRW-Klasse. Gruppe 1 2017/201"]
[Date "2017.10.15"]
[Round "2.6"]
[White "Goldschmidt, Christian"]
[Black "Krings, Christoph"]
[Result "1-0"]
[WhiteElo "2131"]
[BlackElo "2175"]
[Annotator "Daniel"]
[PlyCount "125"]
[EventDate "2017.??.??"]
[WhiteTeam "SF Brackel 1"]
[BlackTeam "SV Erkenschwick 1"]

1. e4 e6 2. d4 d5 3. Nd2 Nf6 4. e5 Nfd7 5. f4 c5 6. c3 cxd4 7. cxd4 Nc6 8. Ndf3
Bb4+ 9. Kf2 f6 10. g3 O-O 11. Kg2 a5 12. Bd3 a4 13. h4 Qe8 14. h5 a3 15. Ne2
axb2 16. Bxb2 f5 17. Nc3 Nb6 18. Nb5 Qd8 19. Qb3 Be7 20. Bc3 Bd7 21. a4 Na5 22.
Bxa5 Rxa5 23. Nc3 Bc6 24. Rhb1 Nc4 25. Bxc4 dxc4 26. Qxc4 Qd7 27. Qb3 Rc8 28.
d5 Rxd5 29. Nxd5 Bxd5 30. Rd1 Rd8 31. Rxd5 Qxd5 32. Qxd5 Rxd5 33. Rb1 Rd7 34.
Rb6 Kf7 35. Ng5+ Bxg5 36. fxg5 Rd2+ 37. Kf3 Rd3+ 38. Kf2 Rd7 39. g4 fxg4 40.
Kg3 Rd3+ 41. Kh4 g3 42. Rxb7+ Kf8 43. Kh3 Rd5 44. Kxg3 Rxe5 $11 45. Rb5 Re4 46.
Ra5 Re1 47. Ra8+ Kf7 48. Ra7+ Kf8 49. Kf4 Rf1+ 50. Ke5 Re1+ 51. Kd6 Rd1+ 52.
Kxe6 Re1+ 53. Kf5 Rf1+ 54. Kg4 Rg1+ 55. Kf4 Rf1+ 56. Ke4 Re1+ 57. Kd4 Rh1 58.
a5 Rxh5 59. Rb7 Rh4+ 60. Kc5 Ra4 61. Kb5 Ra1 62. a6 h5 63. gxh6 1-0

[Event "SF Brackel 1 - SV Erkenschwick 1"]
[Site "NRW-Klasse. Gruppe 1 2017/201"]
[Date "2017.10.15"]
[Round "2.7"]
[White "Eggenstein, Frank"]
[Black "Boehm, Juergen"]
[Result "0-1"]
[WhiteElo "1973"]
[BlackElo "2145"]
[Annotator "Daniel"]
[PlyCount "62"]
[EventDate "2017.??.??"]
[WhiteTeam "SV Erkenschwick 1"]
[BlackTeam "SF Brackel 1"]

1. e4 e6 2. d4 d5 3. Nc3 Bb4 4. e5 c5 5. a3 Bxc3+ 6. bxc3 Ne7 7. Qg4 cxd4 8.
cxd4 Qc7 9. Kd1 O-O 10. Bd2 f5 11. Qf3 Nbc6 12. c3 Bd7 13. Bd3 Na5 14. Bc2 Nc4
15. Bc1 Qa5 16. Ke1 Ba4 17. Bb1 Rac8 18. Ne2 Nc6 19. Qg3 Rf7 20. h4 Qb5 21. Rh3
$11 Qb6 22. h5 N6a5 23. Ba2 Bc2 24. Nf4 Nb3 25. Bxb3 Qxb3 26. Nxe6 Nb2 27. Nf4
Nd3+ 28. Kf1 Qxc3 29. Nxd3 Qxa1 30. Qg5 Bxd3+ 31. Rxd3 Qxc1+ 0-1

[Event "SF Brackel 1 - SV Erkenschwick 1"]
[Site "NRW-Klasse. Gruppe 1 2017/201"]
[Date "2017.10.15"]
[Round "2.8"]
[White "Korten, Lando"]
[Black "Strozewski, Frank"]
[Result "1-0"]
[WhiteElo "2078"]
[BlackElo "1957"]
[PlyCount "149"]
[EventDate "2017.??.??"]
[WhiteTeam "SF Brackel 1"]
[BlackTeam "SV Erkenschwick 1"]

1. d4 d6 2. c4 g6 3. Nc3 Bg7 4. e4 Nc6 5. Be3 e5 6. Nge2 f5 7. exf5 Bxf5 8. a3
Nf6 9. d5 Ne7 10. Ng3 O-O 11. Be2 a6 12. Qd2 Kh8 13. O-O Qe8 14. f3 Bd7 15. b4
Nf5 16. Bf2 Bh6 17. Qc2 Nh5 18. Nxh5 gxh5 19. Bd3 h4 20. Bxf5 Bxf5 21. Qe2 Qg6
22. Ne4 h3 23. Bg3 hxg2 24. Kxg2 Qh5 25. Rf2 Rf7 26. c5 Raf8 27. cxd6 Bxe4 28.
Qxe4 cxd6 29. Qg4 Qf5 30. Qxf5 Rxf5 31. Raf1 Be3 32. Rc2 Bb6 33. Rc4 h5 34.
Rcc1 Rg8 35. Kh3 Kh7 36. Rc4 Kg6 37. Kg2 Kf7 38. Rfc1 Bd8 39. h4 Rf4 40. Kf2
Bb6+ 41. Kg2 Kf6 42. Rc8 Rxc8 43. Rxc8 Rd4 44. Rf8+ Kg6 45. Rg8+ Kf6 46. Rf8+
Kg6 47. Rb8 Rxd5 48. Rxb7 Be3 49. Kf1 Rd2 50. Be1 Ra2 51. Rd7 Rxa3 52. Rxd6+
Kf5 53. Ke2 Bf4 54. Rd8 Re3+ 55. Kf2 Ra3 56. Rf8+ Kg6 57. Ra8 Ra2+ 58. Kf1 Ra4
59. Ke2 Kf5 60. Kd3 Ra3+ 61. Bc3 Bg3 62. Kc2 Ra2+ 63. Bb2 a5 64. bxa5 Be1 65.
a6 Bf2 66. Kb3 Ra5 67. Bc3 Rb5+ 68. Ka4 Rb6 69. Ba5 Rf6 70. Kb5 Kf4 71. Bb4 Rf5
72. Rf8 Rxf8 73. Bxf8 Ba7 74. Bc5 Bb8 75. Kc6 1-0

[Event "SF Lieme 1 - Düsseldorfer SK 2"]
[Site "NRW-Klasse. Gruppe 1 2017/201"]
[Date "2017.10.15"]
[Round "2.1"]
[White "de Gleria, Francesco"]
[Black "Niermann, Tristan"]
[Result "1/2-1/2"]
[WhiteElo "2358"]
[BlackElo "2178"]
[PlyCount "98"]
[EventDate "2017.??.??"]
[WhiteTeam "Düsseldorfer SK 2"]
[BlackTeam "SF Lieme 1"]

1. e4 e5 2. Nf3 Nc6 3. Bc4 Bc5 4. c3 Nf6 5. d3 a6 6. a4 Ba7 7. O-O O-O 8. Re1
d6 9. h3 h6 10. Nbd2 Re8 11. a5 Be6 12. Bxe6 Rxe6 13. Nf1 d5 14. Qc2 dxe4 15.
dxe4 Nh5 16. Kh2 Rg6 17. g3 Rd6 18. Be3 Qf6 19. Qe2 Qe6 20. Bxa7 Rxa7 21. Ne3
Nf6 22. Nc4 Rd7 23. Rad1 Ra8 24. Rxd7 Nxd7 25. Rd1 Rd8 26. b4 Kf8 27. Kg2 Ke8
28. Nh4 Nf6 29. Nf5 Kf8 30. Rxd8+ Nxd8 31. Qd3 Qd7 32. Qf3 Qe6 33. Nce3 b6 34.
Nd5 bxa5 35. bxa5 Nxd5 36. exd5 Qf6 37. Qg4 Nb7 38. Ne3 Nd6 39. Qd7 Qe7 40. Qc6
f5 41. Qxa6 f4 42. Nf5 Qf7 43. Qa8+ Ne8 44. g4 g6 45. Nh4 Qf6 46. d6 cxd6 47.
a6 Qxh4 48. a7 Qf6 49. Qb7 f3+ 1/2-1/2

[Event "SF Lieme 1 - Düsseldorfer SK 2"]
[Site "NRW-Klasse. Gruppe 1 2017/201"]
[Date "2017.10.15"]
[Round "2.2"]
[White "Wittke, Rene"]
[Black "Harff, Marcel"]
[Result "1/2-1/2"]
[WhiteElo "2215"]
[BlackElo "2363"]
[PlyCount "78"]
[EventDate "2017.??.??"]
[WhiteTeam "SF Lieme 1"]
[BlackTeam "Düsseldorfer SK 2"]

1. c4 e5 2. g3 g6 3. Bg2 Bg7 4. Nc3 Nc6 5. d3 d6 6. e3 h5 7. h3 Nge7 8. Nge2
Be6 9. Nd5 Rb8 10. Nec3 a6 11. O-O Qd7 12. Kh2 f5 13. f4 b5 14. h4 bxc4 15.
dxc4 e4 16. Qe2 Nb4 17. Nxe7 Qxe7 18. Bd2 O-O 19. Rad1 c6 20. Be1 d5 21. cxd5
cxd5 22. a3 Nd3 23. b4 Rfd8 24. Rxd3 exd3 25. Qxd3 Rbc8 26. Na4 Bf7 27. Nc5 Rd6
28. Bf2 a5 29. Rd1 axb4 30. axb4 Rb8 31. e4 Rxb4 32. exd5 Rb2 33. Rd2 Qf6 34.
Na4 Rxd2 35. Qxd2 Qa1 36. Nb6 Qa6 37. Qb4 Rd8 38. d6 Bf8 39. Bc5 Qd3 1/2-1/2

[Event "SF Lieme 1 - Düsseldorfer SK 2"]
[Site "NRW-Klasse. Gruppe 1 2017/201"]
[Date "2017.10.15"]
[Round "2.3"]
[White "Krause, Thomas"]
[Black "Essing, Arnold"]
[Result "1/2-1/2"]
[WhiteElo "2158"]
[BlackElo "2190"]
[PlyCount "96"]
[EventDate "2017.??.??"]
[WhiteTeam "Düsseldorfer SK 2"]
[BlackTeam "SF Lieme 1"]

1. c4 e6 2. Nc3 d5 3. e3 Nf6 4. Nf3 Be7 5. b3 O-O 6. Bb2 c6 7. d4 Ne4 8. Nxe4
dxe4 9. Nd2 f5 10. Be2 c5 11. dxc5 Bxc5 12. Qc2 Nc6 13. a3 a5 14. h4 Qe7 15. g4
Bd6 16. Rg1 Be5 17. O-O-O Qxh4 18. f4 exf3 19. Nxf3 Bxb2+ 20. Kxb2 Qf6+ 21. Kb1
e5 22. Rh1 Qe7 23. c5 Be6 24. Rd6 Bf7 25. gxf5 e4 26. Nd2 Rae8 27. f6 gxf6 28.
Bc4 Kh8 29. Rh4 Bg6 30. Bd5 Qe5 31. Bxe4 Bxe4 32. Qxe4 Re7 33. Qxe5 Nxe5 34.
Kc2 f5 35. b4 axb4 36. axb4 Ng4 37. e4 Ne3+ 38. Kd3 Ng2 39. Rh2 fxe4+ 40. Nxe4
Ne1+ 41. Ke3 Rf3+ 42. Kd2 Rb3 43. Kxe1 Rxb4 44. Rd8+ Kg7 45. Rg2+ Kf7 46. Rf2+
Kg7 47. Rg2+ Kf7 48. Rf2+ Kg7 1/2-1/2

[Event "SF Lieme 1 - Düsseldorfer SK 2"]
[Site "NRW-Klasse. Gruppe 1 2017/201"]
[Date "2017.10.15"]
[Round "2.4"]
[White "Wolf, Andre"]
[Black "von Buenau, Heinrich"]
[Result "0-1"]
[WhiteElo "2160"]
[BlackElo "2182"]
[PlyCount "124"]
[EventDate "2017.??.??"]
[WhiteTeam "SF Lieme 1"]
[BlackTeam "Düsseldorfer SK 2"]

1. e4 c6 2. d4 d5 3. e5 c5 4. dxc5 e6 5. a3 Nc6 6. Nf3 Bxc5 7. b4 Bb6 8. Bb2
Nh6 9. Bd3 O-O 10. O-O Nf5 11. Re1 a6 12. Nbd2 Qe7 13. Nb3 Rd8 14. Bxf5 exf5
15. Nbd4 Nxd4 16. Nxd4 Be6 17. Qh5 g6 18. Qh6 Rdc8 19. Re3 Qf8 20. Qf4 Rc4 21.
h4 h5 22. Rd1 Kh7 23. Bc1 Rac8 24. Red3 Bxd4 25. Rxd4 Rxd4 26. Rxd4 Rxc2 27.
Be3 Rc4 28. Rxc4 dxc4 29. Qd4 Qe7 30. Bg5 Qc7 31. Bd2 f4 32. Bc3 f3 33. gxf3
Qd7 34. Kg2 Qxd4 35. Bxd4 Kg8 36. Kg3 Kf8 37. Kf4 Bd5 38. Bc3 Ke7 39. Kg5 Bxf3
40. Kf4 Bg2 41. f3 Ke6 42. a4 Kd5 43. a5 Kc6 44. Be1 Kb5 45. Ke3 Ka4 46. Kd4
Kb3 47. f4 Bh3 48. Bc3 Be6 49. Be1 Kc2 50. Bc3 Kd1 51. Ke3 Bf5 52. Kd4 Bd3 53.
Ke3 Bf1 54. Ba1 Be2 55. Bc3 Bd3 56. Ba1 Kc2 57. Kd4 Kd2 58. Bb2 Ke2 59. e6 fxe6
60. Bc3 Kf3 61. Ke5 Ke3 62. Kxe6 Bf5+ 0-1

[Event "SF Lieme 1 - Düsseldorfer SK 2"]
[Site "NRW-Klasse. Gruppe 1 2017/201"]
[Date "2017.10.15"]
[Round "2.5"]
[White "Berndt, Axel"]
[Black "Schaffarczyk, Andre"]
[Result "1/2-1/2"]
[WhiteElo "2151"]
[BlackElo "2083"]
[Annotator "Daniel"]
[PlyCount "137"]
[EventDate "2017.??.??"]
[WhiteTeam "Düsseldorfer SK 2"]
[BlackTeam "SF Lieme 1"]

1. e4 c5 2. c3 Nf6 3. e5 Nd5 4. d4 cxd4 5. Nf3 Nc6 6. Bc4 Nb6 7. Bb3 d5 8. exd6
Qxd6 9. O-O Be6 10. Na3 Bxb3 11. Qxb3 Qd5 12. Nb5 Qxb3 13. axb3 Rc8 14. Nbxd4
Nxd4 15. Nxd4 a6 16. Re1 g6 17. Bg5 Nd7 18. b4 f6 19. Bh4 Kf7 20. Ne6 Bh6 21.
Re2 Ne5 22. Nc5 a5 23. Nxb7 axb4 24. cxb4 Rc4 25. Bg3 Nd3 26. Bd6 e5 27. Bc5
Ra8 28. Rd1 Ke6 29. Nd6 Rc1 30. Rxc1 Nxc1 31. Rc2 Rd8 32. g3 Nb3 33. Nb7 Rd1+
34. Kg2 Rc1 35. Rxc1 Bxc1 36. Na5 Nxc5 37. bxc5 Bxb2 38. Nc4 Bd4 39. c6 $11 Bc5
40. f4 exf4 41. gxf4 f5 42. Kf3 Bd6 43. Nb6 Bc7 44. Nd7 Bd6 45. Nb6 Bc7 46. Nd7
h6 47. Nf8+ Kf7 48. Nd7 g5 49. fxg5 hxg5 50. h3 Ke7 51. Kg2 Kd6 52. Nf8 Bd8 53.
Kf3 Kxc6 54. Ne6 Bf6 55. Nf4 Kd6 56. Nd3 Bd4 57. Nb4 Kc5 58. Nd3+ Kc4 59. Nf4
Be5 60. Ne6 Bf6 61. Nf4 Kd4 62. Ne2+ Kd3 63. Nf4+ Kd2 64. Nd5 Bd4 65. Ne7 f4
66. Nd5 Be5 67. h4 gxh4 68. Nxf4 Bxf4 69. Kxf4 1/2-1/2

[Event "SF Lieme 1 - Düsseldorfer SK 2"]
[Site "NRW-Klasse. Gruppe 1 2017/201"]
[Date "2017.10.15"]
[Round "2.6"]
[White "Stork, Holger"]
[Black "Hoenig, Alexander"]
[Result "0-1"]
[WhiteElo "2095"]
[BlackElo "2133"]
[PlyCount "62"]
[EventDate "2017.??.??"]
[WhiteTeam "SF Lieme 1"]
[BlackTeam "Düsseldorfer SK 2"]

1. e4 c6 2. d4 d5 3. e5 c5 4. dxc5 e6 5. a3 a5 6. Be3 Nd7 7. Bb5 Qc7 8. Nf3 Ne7
9. O-O Nf5 10. Bd4 Nxd4 11. Qxd4 Bxc5 12. Qg4 O-O 13. Bd3 h6 14. Qh5 f5 15.
exf6 Nxf6 16. Qh4 e5 17. Be2 Bf5 18. Nc3 e4 19. Nb5 Qb6 20. Ne1 d4 21. Bc4+ Kh8
22. h3 Rae8 23. a4 Be6 24. Be2 Bd7 25. Rd1 Nd5 26. g3 d3 27. cxd3 Bxf2+ 28. Kh1
Ne3 29. Ng2 Nf5 30. Rxf2 Qxf2 31. Qf4 Nxg3+ 0-1

[Event "SF Lieme 1 - Düsseldorfer SK 2"]
[Site "NRW-Klasse. Gruppe 1 2017/201"]
[Date "2017.10.15"]
[Round "2.7"]
[White "Kesseler, Heiko"]
[Black "Mbarek, Najd"]
[Result "1-0"]
[WhiteElo "2076"]
[BlackElo "2039"]
[PlyCount "163"]
[EventDate "2017.??.??"]
[WhiteTeam "Düsseldorfer SK 2"]
[BlackTeam "SF Lieme 1"]

1. e4 c5 2. Nc3 e6 3. Nf3 a6 4. d4 cxd4 5. Nxd4 b5 6. Bd3 Bb7 7. O-O Qc7 8. Qf3
Nc6 9. Nxc6 Bxc6 10. Bf4 Bd6 11. Bxd6 Qxd6 12. Rad1 Qe5 13. Qe3 Nf6 14. h3 d6
15. a3 Qc5 16. Rfe1 Qxe3 17. Rxe3 Ke7 18. Be2 Rhd8 19. Bf3 e5 20. Ne2 Rac8 21.
g4 h6 22. Ng3 g6 23. Be2 Bd7 24. Rd2 Be6 25. Bd3 Rc6 26. Re1 Rdc8 27. Ne2 h5
28. f3 hxg4 29. hxg4 Nd7 30. Nc3 Nb6 31. Nd1 Na4 32. Kf2 Kf6 33. Kg3 Rb8 34. c3
Nb6 35. Ne3 Rd8 36. Ree2 Rc5 37. Re1 d5 38. exd5 Bc8 39. Be4 Rd6 40. Red1 Kg5
41. Kf2 f5 42. gxf5 gxf5 43. Rg1+ Kf6 44. Bb1 f4 45. Nf1 Bf5 46. Be4 Rc4 47.
Bxf5 Kxf5 48. Rh1 Kg6 49. Ke1 Nxd5 50. Rg2+ Kf7 51. Rh7+ Ke6 52. Nd2 Ne3 53.
Rg6+ Kd5 54. Rxd6+ Kxd6 55. Nxc4+ Nxc4 56. b3 Nxa3 57. Kd2 a5 58. Ra7 b4 59.
Rxa5 Nb1+ 60. Kd3 Nxc3 61. Kc4 Ne2 62. Ra6+ Kd7 63. Kd5 Nd4 64. Ra7+ Kc8 65.
Ra4 Nxb3 66. Kxe5 Nc5 67. Ra5 Nd3+ 68. Kd4 Ne1 69. Ke4 Kc7 70. Rb5 Kd6 71. Rxb4
Ng2 72. Rb6+ Ke7 73. Rg6 Ne3 74. Kxf4 Kf7 75. Ra6 Nd5+ 76. Ke5 Ne3 77. Ra4 Kg6
78. f4 Ng4+ 79. Ke6 Nh6 80. f5+ Kg7 81. Ra7+ Kg8 82. f6 1-0

[Event "SF Lieme 1 - Düsseldorfer SK 2"]
[Site "NRW-Klasse. Gruppe 1 2017/201"]
[Date "2017.10.15"]
[Round "2.8"]
[White "Bundesmann, Joerg"]
[Black "Mueller, Michael"]
[Result "1-0"]
[WhiteElo "2048"]
[BlackElo "2062"]
[PlyCount "95"]
[EventDate "2017.??.??"]
[WhiteTeam "SF Lieme 1"]
[BlackTeam "Düsseldorfer SK 2"]

1. d4 e6 2. c4 Bb4+ 3. Nc3 Nf6 4. e3 O-O 5. Bd3 Re8 6. Nf3 Bxc3+ 7. bxc3 d6 8.
O-O Nbd7 9. Qc2 e5 10. Ng5 Nf8 11. f4 h6 12. fxe5 dxe5 13. Ne4 N6h7 14. Ng3 Ng5
15. Ba3 f6 16. Rad1 exd4 17. exd4 Bg4 18. Rde1 c6 19. Nf5 Bxf5 20. Bxf5 b6 21.
h4 Nf7 22. Qf2 Qc7 23. Bc1 c5 24. Bf4 Qc6 25. d5 Qb7 26. Qg3 b5 27. Be6 bxc4
28. Bxh6 Nxe6 29. Rxf6 Nxh6 30. dxe6 Kh8 31. Rg6 Qe7 32. Qe5 Kg8 33. Re3 Rf8
34. Reg3 Nf5 35. R3g5 Rad8 36. h5 Rd1+ 37. Kh2 Qd6 38. Qxd6 Nxd6 39. Rxg7+ Kh8
40. R7g6 Kh7 41. Rxc5 Rff1 42. Rc7+ Kh8 43. e7 Rh1+ 44. Kg3 Nf5+ 45. Kg4 Nxe7
46. Rxe7 Rd2 47. g3 Rd8 48. Rxa7 1-0

[Event "SK Königsspringer Iserlohn 1 - Bielefel"]
[Site "NRW-Klasse. Gruppe 1 2017/201"]
[Date "2017.10.15"]
[Round "2.1"]
[White "Forchert, Martin"]
[Black "Scheider, Julian"]
[Result "1/2-1/2"]
[WhiteElo "2252"]
[BlackElo "2306"]
[PlyCount "39"]
[EventDate "2017.??.??"]
[WhiteTeam "Bielefelder SK 1"]
[BlackTeam "SK Königsspringer Iserlohn 1"]

1. e4 c6 2. d4 d5 3. e5 Bf5 4. Be3 e6 5. Nd2 Nd7 6. Ngf3 Bg4 7. h3 Bh5 8. Be2
Ne7 9. O-O Nc8 10. a4 Be7 11. a5 a6 12. c4 O-O 13. cxd5 cxd5 14. Qb3 Rb8 15.
Rfc1 Na7 16. Qa4 Rc8 17. b4 Nb8 18. Nb3 Qd7 19. Qxd7 Nxd7 20. Nc5 1/2-1/2

[Event "SK Königsspringer Iserlohn 1 - Bielefel"]
[Site "NRW-Klasse. Gruppe 1 2017/201"]
[Date "2017.10.15"]
[Round "2.2"]
[White "Eckardt, Joshua"]
[Black "Gruen, Gerd-Peter"]
[Result "1/2-1/2"]
[WhiteElo "2249"]
[BlackElo "2215"]
[Annotator "Daniel"]
[PlyCount "115"]
[EventDate "2017.??.??"]
[WhiteTeam "SK Königsspringer Iserlohn 1"]
[BlackTeam "Bielefelder SK 1"]

1. d4 Nf6 2. c4 e6 3. g3 d5 4. Nf3 Bb4+ 5. Bd2 Be7 6. Bg2 O-O 7. O-O c6 8. Qc2
Nbd7 9. Bf4 Nh5 10. Bc1 Nhf6 11. Nbd2 b6 12. e4 dxe4 13. Nxe4 Nxe4 14. Qxe4 Bb7
15. Rd1 Qc7 16. Bf4 Bd6 17. Ng5 Nf6 18. Bxd6 Qxd6 19. Qc2 h6 20. Ne4 Nxe4 21.
Bxe4 Rfd8 22. Qc3 a5 23. Rd2 Rd7 24. Rad1 Rad8 25. Kf1 $11 Qb4 26. Ke1 Kf8 27.
a3 Qxc3 28. bxc3 Ba6 29. Rb1 Bxc4 30. Rxb6 Bd5 31. Bxd5 cxd5 32. Ra6 Rb8 33.
Rxa5 Rb1+ 34. Ke2 Rdb7 35. Ra4 Rc1 36. Kd3 Rb3 37. Rc2 Ra1 38. Ra8+ Ke7 39. a4
Kf6 40. h4 h5 41. a5 Rba3 42. a6 Rxa6 43. Rxa6 Rxa6 44. Rb2 Ra7 45. Ke3 Kf5 46.
f3 f6 47. Rb5 Ra3 48. Rc5 g6 49. Kd3 Ra2 50. c4 Rg2 51. cxd5 exd5 52. Rxd5+ Ke6
53. Ra5 Rxg3 54. Ke3 Rh3 55. Ra6+ Kf5 56. Ra5+ Ke6 57. Ra6+ Kf5 58. Ra5+
1/2-1/2

[Event "SK Königsspringer Iserlohn 1 - Bielefel"]
[Site "NRW-Klasse. Gruppe 1 2017/201"]
[Date "2017.10.15"]
[Round "2.3"]
[White "Kruse, Herbert"]
[Black "Schmitz, Philipp"]
[Result "1/2-1/2"]
[WhiteElo "2170"]
[BlackElo "2159"]
[PlyCount "61"]
[EventDate "2017.??.??"]
[WhiteTeam "Bielefelder SK 1"]
[BlackTeam "SK Königsspringer Iserlohn 1"]

1. e4 c5 2. Nc3 a6 3. Nge2 d6 4. d4 cxd4 5. Nxd4 Nf6 6. Be3 e5 7. Nb3 Be6 8.
Be2 Be7 9. O-O O-O 10. f4 exf4 11. Bxf4 d5 12. exd5 Nxd5 13. Nxd5 Bxd5 14. Qe1
Bh4 15. Qd2 Nc6 16. Rad1 Re8 17. c4 Be4 18. Bd6 Qg5 19. Bf3 Bxf3 20. Qxg5 Bxg5
21. Rxf3 Re2 22. Rb1 Rae8 23. Kf1 Rc2 24. Rc3 Ree2 25. Rxc2 Rxc2 26. Nc5 Be3
27. Re1 Rf2+ 28. Kg1 Re2+ 29. Kf1 Rf2+ 30. Kg1 Re2+ 31. Kf1 1/2-1/2

[Event "SK Königsspringer Iserlohn 1 - Bielefel"]
[Site "NRW-Klasse. Gruppe 1 2017/201"]
[Date "2017.10.15"]
[Round "2.4"]
[White "Kramps, Rene"]
[Black "Simon, Hans Christian"]
[Result "1/2-1/2"]
[WhiteElo "2036"]
[BlackElo "2141"]
[PlyCount "25"]
[EventDate "2017.??.??"]
[WhiteTeam "SK Königsspringer Iserlohn 1"]
[BlackTeam "Bielefelder SK 1"]

1. e4 e5 2. Bc4 Nf6 3. d3 c6 4. Nf3 d5 5. Bb3 Bb4+ 6. Bd2 Bxd2+ 7. Nbxd2 Bg4 8.
h3 Bxf3 9. Qxf3 O-O 10. O-O Qd6 11. Rfe1 Nbd7 12. Qg3 Rfe8 13. exd5 1/2-1/2

[Event "SK Königsspringer Iserlohn 1 - Bielefel"]
[Site "NRW-Klasse. Gruppe 1 2017/201"]
[Date "2017.10.15"]
[Round "2.5"]
[White "Goeßling, Guido"]
[Black "Messarius, Juergen"]
[Result "1-0"]
[WhiteElo "2128"]
[BlackElo "2146"]
[PlyCount "89"]
[EventDate "2017.??.??"]
[WhiteTeam "Bielefelder SK 1"]
[BlackTeam "SK Königsspringer Iserlohn 1"]

1. e4 c5 2. Nf3 Nc6 3. d4 cxd4 4. Nxd4 Nf6 5. Nc3 e5 6. Ndb5 d6 7. Bg5 a6 8.
Na3 b5 9. Nd5 Be7 10. Nxe7 Nxe7 11. Bd3 d5 12. Qe2 b4 13. Nb1 dxe4 14. Bxe4
Nxe4 15. Qxe4 Qd5 16. Nd2 f6 17. Be3 Rb8 18. Qxd5 Nxd5 19. Nc4 Nxe3 20. Nxe3
Be6 21. O-O-O Ke7 22. b3 Rhc8 23. Kb2 Rc5 24. Rd2 Rbc8 25. a3 bxa3+ 26. Kxa3 f5
27. c4 f4 28. Nd1 Ra5+ 29. Kb4 Ra1 30. Re1 Rb8+ 31. Kc3 Ra3 32. Rb2 Kf6 33. f3
Ra1 34. Rbe2 Bf5 35. Ne3 Ra3 36. Nd5+ Kf7 37. Rb2 g6 38. Rxe5 Rb7 39. Nxf4 a5
40. g4 Bd7 41. Nd3 Kf6 42. g5+ Kf7 43. Nc5 Rc7 44. Rbe2 Bf5 45. Kb2 1-0

[Event "SK Königsspringer Iserlohn 1 - Bielefel"]
[Site "NRW-Klasse. Gruppe 1 2017/201"]
[Date "2017.10.15"]
[Round "2.6"]
[White "Klauke, Stefan"]
[Black "Roemhild, Marcus"]
[Result "1-0"]
[WhiteElo "2091"]
[BlackElo "2035"]
[PlyCount "39"]
[EventDate "2017.??.??"]
[WhiteTeam "SK Königsspringer Iserlohn 1"]
[BlackTeam "Bielefelder SK 1"]

1. e4 c5 2. Nf3 g6 3. d4 cxd4 4. c3 d3 5. Bxd3 Bg7 6. e5 Nc6 7. Bf4 d5 8. exd6
e5 9. Be3 Qxd6 10. Na3 a6 11. Nc4 Qe7 12. Be4 Nf6 13. Bxc6+ bxc6 14. Nfxe5 O-O
15. O-O Nd5 16. Nxc6 Qc7 17. Qxd5 Bb7 18. N4a5 Rac8 19. Nxb7 Qxb7 20. Nb4 1-0

[Event "SK Königsspringer Iserlohn 1 - Bielefel"]
[Site "NRW-Klasse. Gruppe 1 2017/201"]
[Date "2017.10.15"]
[Round "2.7"]
[White "Danielmeier, Ralf"]
[Black "Schwanbeck, Christoph"]
[Result "1-0"]
[WhiteElo "1986"]
[BlackElo "2060"]
[Annotator "Daniel"]
[PlyCount "78"]
[EventDate "2017.??.??"]
[WhiteTeam "Bielefelder SK 1"]
[BlackTeam "SK Königsspringer Iserlohn 1"]

1. e4 d6 2. d4 Nf6 3. Nc3 Nbd7 4. g3 e5 5. Nge2 c6 6. Bg2 Be7 7. O-O Qc7 8. a4
O-O 9. h3 Re8 10. g4 exd4 11. Nxd4 g6 12. Bh6 Nc5 13. Qd2 Be6 14. b3 Rad8 15.
Qf4 Qa5 16. Qe3 Bxg4 17. Rfb1 Ne6 18. hxg4 Nxg4 19. Qh3 Nxd4 20. Bd2 Qh5 21.
Qd3 Ne6 22. Ne2 Bf6 23. Bc3 Bh4 24. Ng3 Qc5 25. Be1 Nf4 26. Qf3 Bxg3 27. Qxg4
Nxg2 28. Kxg2 Be5 29. Ra2 d5 30. Rd1 dxe4 31. Rxd8 Rxd8 32. Qxe4 Rd4 33. Qe2 h5
34. f3 Qd6 35. c3 Rd5 36. c4 Rd3 37. Bb4 Qd4 38. Bc5 Qc3 39. Bxa7 Kg7 {ZÜ} 1-0

[Event "SK Königsspringer Iserlohn 1 - Bielefel"]
[Site "NRW-Klasse. Gruppe 1 2017/201"]
[Date "2017.10.15"]
[Round "2.8"]
[White "Franke, Thomas"]
[Black "Moellering, Richard"]
[Result "1-0"]
[WhiteElo "2070"]
[BlackElo "1969"]
[PlyCount "51"]
[EventDate "2017.??.??"]
[WhiteTeam "SK Königsspringer Iserlohn 1"]
[BlackTeam "Bielefelder SK 1"]

1. c4 Nf6 2. g3 g6 3. Bg2 c5 4. Nc3 Bg7 5. e4 Nc6 6. Nge2 O-O 7. O-O d6 8. d3
Ne8 9. Be3 Nc7 10. d4 cxd4 11. Nxd4 Ne6 12. Nxe6 Bxe6 13. Nd5 Qd7 14. Qd2 Rfc8
15. f4 Bh3 16. Bxh3 Qxh3 17. f5 Be5 18. Bf4 e6 19. Bxe5 dxe5 20. fxe6 fxe6 21.
Nf6+ Kh8 22. Qg5 Rc7 23. Rad1 Rf8 24. Ng4 Rxf1+ 25. Rxf1 Qh5 26. Rf8+ 1-0

[Event "SG Niederkassel 1 - SV Sundern 1"]
[Site "NRW-Klasse. Gruppe 1 2017/201"]
[Date "2017.10.15"]
[Round "2.1"]
[White "Ionescu, Doru Alexandru"]
[Black "Grimm, Sascha"]
[Result "1/2-1/2"]
[WhiteElo "2325"]
[BlackElo "2351"]
[PlyCount "114"]
[EventDate "2017.??.??"]
[WhiteTeam "SV Sundern 1"]
[BlackTeam "SG Niederkassel 1"]

1. e4 e6 2. d3 d5 3. g3 c5 4. Bg2 Nc6 5. f4 g6 6. Nf3 Bg7 7. O-O Nge7 8. c3 b6
9. Na3 Bb7 10. e5 Qd7 11. Nc2 O-O 12. Re1 Rad8 13. a3 d4 14. c4 Rde8 15. b4 f6
16. b5 Nd8 17. exf6 Bxf6 18. a4 Nf5 19. a5 Qc7 20. axb6 axb6 21. Qe2 Nf7 22.
Ne5 Bxg2 23. Kxg2 Nxe5 24. fxe5 Bg7 25. Qe4 Qf7 26. Bf4 Nh4+ 27. Kh1 g5 28.
gxh4 gxf4 29. Qf3 Qf5 30. Rg1 Qxe5 31. Ra7 Rf7 32. Ra6 Qc7 33. Ne1 Ref8 34. Ra2
Qe5 35. Re2 Qf5 36. Rg5 Qf6 37. Reg2 Kh8 38. Rf2 Bh6 39. Rg4 Rg7 40. Rxg7 Bxg7
41. Qg4 Bh6 42. Nf3 Rg8 43. Qh5 Qg6 44. Qxg6 Rxg6 45. Ra2 e5 46. Ra8+ Kg7 47.
Re8 Kf7 48. Rxe5 Re6 49. Kg2 Kf6 50. Rxe6+ Kxe6 51. Ng1 Kf5 52. Kf3 Bf8 53. Nh3
Bd6 54. Ng5 h5 55. h3 Be7 56. Ne4 Ke5 57. Ng5 Kf5 1/2-1/2

[Event "SG Niederkassel 1 - SV Sundern 1"]
[Site "NRW-Klasse. Gruppe 1 2017/201"]
[Date "2017.10.15"]
[Round "2.2"]
[White "Wigger, Jochen"]
[Black "Stolte, Alexander"]
[Result "1/2-1/2"]
[WhiteElo "2246"]
[BlackElo "2175"]
[PlyCount "32"]
[EventDate "2017.??.??"]
[WhiteTeam "SG Niederkassel 1"]
[BlackTeam "SV Sundern 1"]

1. d4 Nf6 2. Bg5 d5 3. Bxf6 gxf6 4. e3 c5 5. c4 cxd4 6. Qxd4 Be6 7. cxd5 Qxd5
8. Qxd5 Bxd5 9. Nc3 Bc6 10. O-O-O e6 11. Nf3 a6 12. Nd4 Bb4 13. Nxc6 Nxc6 14.
Ne4 f5 15. Ng5 Ne5 16. Be2 Rc8+ 1/2-1/2

[Event "SG Niederkassel 1 - SV Sundern 1"]
[Site "NRW-Klasse. Gruppe 1 2017/201"]
[Date "2017.10.15"]
[Round "2.3"]
[White "Tillmann, Markus"]
[Black "Stanetzek, Carsten"]
[Result "0-1"]
[WhiteElo "2084"]
[BlackElo "2156"]
[PlyCount "160"]
[EventDate "2017.??.??"]
[WhiteTeam "SV Sundern 1"]
[BlackTeam "SG Niederkassel 1"]

1. d4 d5 2. c4 c6 3. Nf3 Nf6 4. e3 e6 5. Bd3 dxc4 6. Bxc4 b5 7. Bd3 a6 8. O-O
c5 9. a4 b4 10. Nbd2 Nbd7 11. Nc4 Be7 12. e4 O-O 13. e5 Nd5 14. Qc2 h6 15. a5
Bb7 16. Qe2 Rb8 17. Qe4 N5f6 18. Qf4 Nh7 19. Qg4 Kh8 20. Be3 cxd4 21. Nxd4 Nc5
22. Bc2 Bd5 23. Nb6 b3 24. Bb1 Ng5 25. Rd1 Qc7 26. h4 Nh7 27. Nxd5 exd5 28. Nf5
Ne6 29. Rxd5 Rb4 30. Be4 Rd8 31. Rad1 Rxd5 32. Rxd5 Ra4 33. Bxh6 gxh6 34. Nd6
Qc1+ 35. Rd1 Qf4 36. Qxf4 Nxf4 37. g3 Bxd6 38. gxf4 Rxe4 39. exd6 Re8 40. Rd3
Kg7 41. Rxb3 Nf8 42. Rb6 Ra8 43. Kf1 Kf6 44. d7+ Ke7 45. d8=Q+ Rxd8 46. Rxa6
Nd7 47. Rxh6 Nf6 48. b4 Rb8 49. a6 Rxb4 50. Rh8 Ne8 51. a7 Ra4 52. Kg2 Rxa7 53.
Rh5 Ng7 54. Re5+ Kf6 55. Rb5 Ra3 56. Rb6+ Ne6 57. f3 Kf5 58. Rb5+ Kxf4 59. Rb4+
Kf5 60. Rb5+ Kf6 61. Rb6 Ra5 62. Kg3 Kf5 63. Rb4 Rd5 64. Ra4 Kg6 65. Ra6 Rd1
66. Rb6 Re1 67. Ra6 Kf5 68. Ra7 f6 69. Ra5+ Re5 70. Ra4 Ng7 71. Rf4+ Kg6 72.
Rg4+ Kh6 73. Ra4 Nh5+ 74. Kf2 Rb5 75. Ra8 Rb4 76. Rh8+ Kg6 77. Rg8+ Kf5 78. Ra8
Rxh4 79. Ra5+ Kg6 80. Ke3 Rb4 0-1